Los medios de la instrucción

Saved in:
Bibliografiske detaljer
Main Authors: Briggs, Leslie J (Author), Campeau, Peggie L (Author), Gagné, Robert Mills (Author), May, Mark A (Author)
Format: Bog
Sprog:spansk
Udgivet: Buenos Aires Guadalupe 1973
Serier:Biblioteca pedagógica, 13a
Fag:
Tags: Tilføj Tag
Ingen Tags, Vær først til at tagge denne postø!

MARC

LEADER 00000nam a2200000 a 4500
001 UCU0121
003 CL-VaPUC
008 960315e19730000AG |||||||||||||||||spa|d
082 0 4 |a 371.307  |b BRI  |2 21 
100 0 |a Briggs, Leslie J  |e author  |9 355100 
700 0 |a Campeau, Peggie L  |e author  |9 355101 
700 |a Gagné, Robert Mills  |e author  |9 373047 
700 0 |a May, Mark A  |e author  |9 355103 
245 1 4 |a Los medios de la instrucción 
300 |a 164 p 
942 |c BK 
945 |d 19960315 00:00:00  |a lriquelm 
260 |a Buenos Aires  |b Guadalupe  |c 1973 
650 7 |a MATERIAL AUDIOVISUAL  |2 CL-VaPUC  |9 308466 
650 0 |a Medios de comunicación  |9 257206 
650 7 |a INSTRUCCION PROGRAMADA  |2 CL-VaPUC  |9 355104 
650 0 |a Radio  |9 260680 
650 0 |a Métodos de enseñanza  |9 270413 
583 |a last modification  |c 19960315 00:00:00  |k Rodrigo Vera 
490 0 |a Biblioteca pedagógica, 13a 
999 |c 245066  |d 245064 
952 |0 0  |1 0  |4 0  |6 371_307000000000000_BRI_1973  |7 0  |8 P  |9 259438  |a BIBEDU  |b BIBEDU  |c BIBEDU_PB  |d 2019-11-19  |i 1631535  |o 371.307 BRI 1973  |p 1631535  |r 2024-01-25  |w 2019-11-19  |y BK  |k EDU 
952 |0 0  |1 0  |4 0  |6 371_307000000000000_BRI_1973  |7 0  |8 P  |9 259439  |a BIBEDU  |b BIBEDU  |c BIBEDU_PB  |d 2019-11-19  |i 3225615  |o 371.307 BRI 1973  |p 3225615  |r 2024-01-25  |w 2019-11-19  |y BK  |k EDU